<?xml version="1.0" encoding="UTF-8"?>
<collection xmlns="http://www.loc.gov/MARC21/slim">
 <record>
  <leader>01685nam a22002417a 4500</leader>
  <controlfield tag="001">NCT_31346</controlfield>
  <controlfield tag="008">180419b        xxu||||| |||| 00| 0 vie d</controlfield>
  <datafield tag="999" ind1=" " ind2=" ">
   <subfield code="c">1508</subfield>
   <subfield code="d">1508</subfield>
  </datafield>
  <datafield tag="020" ind1=" " ind2=" ">
   <subfield code="c">165000</subfield>
  </datafield>
  <datafield tag="082" ind1="0" ind2="4">
   <subfield code="2">23rd ed.</subfield>
   <subfield code="a">616.622</subfield>
   <subfield code="b">H312</subfield>
  </datafield>
  <datafield tag="100" ind1="1" ind2=" ">
   <subfield code="a">Trần Văn Hinh</subfield>
   <subfield code="e">Chủ biên</subfield>
  </datafield>
  <datafield tag="245" ind1="1" ind2="0">
   <subfield code="a">Các phương pháp chẩn đoán và điều trị bệnh sỏi tiết niệu</subfield>
   <subfield code="c">Trần Văn Hinh (chủ biên)</subfield>
  </datafield>
  <datafield tag="260" ind1=" " ind2=" ">
   <subfield code="a">H.</subfield>
   <subfield code="b">Y học</subfield>
   <subfield code="c">2013</subfield>
  </datafield>
  <datafield tag="300" ind1=" " ind2=" ">
   <subfield code="a">407tr.</subfield>
   <subfield code="b">minh họa</subfield>
   <subfield code="c">27cm</subfield>
  </datafield>
  <datafield tag="520" ind1="3" ind2=" ">
   <subfield code="a">Nội dung tài liệu cung cấp cho bạn đọc những kiến thức kinh điển và cập nhật kiến thức mới về bệnh sỏi tiết niệu từ những yếu tố nguy cơ, chẩn đoán, điều trị hiện đại nhất hiện nay.</subfield>
  </datafield>
  <datafield tag="653" ind1=" " ind2=" ">
   <subfield code="a">Y đa khoa</subfield>
  </datafield>
  <datafield tag="942" ind1=" " ind2=" ">
   <subfield code="2">ddc</subfield>
   <subfield code="c">BK</subfield>
  </datafield>
  <datafield tag="952" ind1=" " ind2=" ">
   <subfield code="0">0</subfield>
   <subfield code="1">0</subfield>
   <subfield code="2">ddc</subfield>
   <subfield code="4">0</subfield>
   <subfield code="6">616_622000000000000_H312</subfield>
   <subfield code="7">0</subfield>
   <subfield code="9">7264</subfield>
   <subfield code="a">000001</subfield>
   <subfield code="b">000001</subfield>
   <subfield code="d">2018-04-19</subfield>
   <subfield code="o">616.622 H312</subfield>
   <subfield code="p">MD.10957</subfield>
   <subfield code="r">2018-04-19</subfield>
   <subfield code="v">165000.00</subfield>
   <subfield code="w">2018-04-19</subfield>
   <subfield code="y">BK</subfield>
  </datafield>
  <datafield tag="952" ind1=" " ind2=" ">
   <subfield code="0">0</subfield>
   <subfield code="1">0</subfield>
   <subfield code="2">ddc</subfield>
   <subfield code="4">0</subfield>
   <subfield code="6">616_622000000000000_H312</subfield>
   <subfield code="7">0</subfield>
   <subfield code="9">7265</subfield>
   <subfield code="a">000001</subfield>
   <subfield code="b">000001</subfield>
   <subfield code="d">2018-04-19</subfield>
   <subfield code="o">616.622 H312</subfield>
   <subfield code="p">MD.10958</subfield>
   <subfield code="r">2018-04-19</subfield>
   <subfield code="v">165000.00</subfield>
   <subfield code="w">2018-04-19</subfield>
   <subfield code="y">BK</subfield>
  </datafield>
  <datafield tag="952" ind1=" " ind2=" ">
   <subfield code="0">0</subfield>
   <subfield code="1">0</subfield>
   <subfield code="2">ddc</subfield>
   <subfield code="4">0</subfield>
   <subfield code="6">616_622000000000000_H312</subfield>
   <subfield code="7">0</subfield>
   <subfield code="9">7266</subfield>
   <subfield code="a">000001</subfield>
   <subfield code="b">000001</subfield>
   <subfield code="d">2018-04-19</subfield>
   <subfield code="o">616.622 H312</subfield>
   <subfield code="p">MD.10960</subfield>
   <subfield code="r">2018-04-19</subfield>
   <subfield code="v">165000.00</subfield>
   <subfield code="w">2018-04-19</subfield>
   <subfield code="y">BK</subfield>
  </datafield>
  <datafield tag="952" ind1=" " ind2=" ">
   <subfield code="0">0</subfield>
   <subfield code="1">0</subfield>
   <subfield code="2">ddc</subfield>
   <subfield code="4">0</subfield>
   <subfield code="6">616_622000000000000_H312</subfield>
   <subfield code="7">0</subfield>
   <subfield code="9">7267</subfield>
   <subfield code="a">000001</subfield>
   <subfield code="b">000001</subfield>
   <subfield code="d">2018-04-19</subfield>
   <subfield code="o">616.622 H312</subfield>
   <subfield code="p">MD.11739</subfield>
   <subfield code="r">2018-04-19</subfield>
   <subfield code="v">165000.00</subfield>
   <subfield code="w">2018-04-19</subfield>
   <subfield code="y">BK</subfield>
  </datafield>
  <datafield tag="952" ind1=" " ind2=" ">
   <subfield code="0">0</subfield>
   <subfield code="1">0</subfield>
   <subfield code="2">ddc</subfield>
   <subfield code="4">0</subfield>
   <subfield code="6">616_622000000000000_H312</subfield>
   <subfield code="7">0</subfield>
   <subfield code="9">7268</subfield>
   <subfield code="a">000001</subfield>
   <subfield code="b">000001</subfield>
   <subfield code="d">2018-04-19</subfield>
   <subfield code="o">616.622 H312</subfield>
   <subfield code="p">MD.11740</subfield>
   <subfield code="r">2018-04-19</subfield>
   <subfield code="v">165000.00</subfield>
   <subfield code="w">2018-04-19</subfield>
   <subfield code="y">BK</subfield>
  </datafield>
  <datafield tag="980" ind1=" " ind2=" ">
   <subfield code="a">Thư viện Trường Đại học Nam Cần Thơ</subfield>
  </datafield>
 </record>
</collection>
